000 00608nam a2200205 4500
003 OSt
005 20240731014003.0
006 a
008 240731b |||||||| |||| 00| 0 eng d
020 _a9780763757373
040 _aDWCL-Main lib.
_cOC
082 _aCirc. 576.58 H456g 2011
100 _aBanich, Marie T.
245 _aGenetics of populations /
260 _aSudbury, Mass. :
_bJones & bartlett Pub. ,
_cc2011.
300 _axiv,
_b675 p. : ill. ;
_c24 cm.
504 _aIncludes bibliographical references & index.
650 _a1. Populations genetics.
942 _2ddc
_n0
_cBK-CIRC
_kCirc.
999 _c2995
_d2995